| 000 | 00550cam a2200205ua 4500 | ||
|---|---|---|---|
| 001 | 8188 | ||
| 005 | 20260515114314.0 | ||
| 008 | 150110n ii |||gr||||Z||||||hin | ||
| 040 | _cMAIN | ||
| 041 | _ahin | ||
| 082 | _a920 | ||
| 100 |
_aNair, R., _eAuthor. |
||
| 245 | 1 |
_aAcharya Ramchandra Shukla aur prof. Joseph Mundasseri ke sammiksha siddhant _cBy R. S. Ramchandran Nair |
|
| 250 | _a1st. | ||
| 260 |
_aVaranasi: _bAacharya, _c1994. |
||
| 300 | _a88p. | ||
| 653 | _aBiography, genealogy & insignia | ||
| 653 | _aHindi biography | ||
| 942 | _cBK | ||
| 999 |
_c7298 _d7298 |
||